000 00898nam a22002777a 4500
005 20220329141253.0
008 971010s1988 r 00010 d
010 _a65492
011 _a66464
035 _a74618
082 _a635
_bF5
110 _aFideicomisos Instituídos en Relación con la Agricultura. México
_940733
245 _aManual de horticultura ornamental de exportación
260 _aMéxico, D.F. :
_bFIRA,
_c[1988]
300 _a281 h.
500 _aFotocopia
590 _aBATCH-UPD
_b10
_c20130110
_lUCH01
_h1307
590 _aBATCH-UPD
_b10
_c20130410
_lUCH01
_h0822
590 _aBATCH-UPD
_b10
_c20130914
_lUCH01
_h1417
590 _aCONVERSION
_b10
_c20130109
_lUCH01
_h1336
650 1 4 _aFlores
_xExportación.
_941378
650 1 4 _aFlores
_xMercadeo.
_941388
650 1 4 _aHorticultura.
_956291
901 _aBK
949 _a635 F5
_bPA
_cLIBRO
_d-7491
_eLIBRO
_h1849
_i74618
_si
999 _c65492
_d65492